| 000 | 00919nam a2200193 i 4500 | ||
|---|---|---|---|
| 001 | 156267 | ||
| 003 | ES-MaACL | ||
| 005 | 20260301183523.0 | ||
| 008 | 040804s1886 sp |||| | spa d | ||
| 040 |
_aCAM _bspa _cCAM |
||
| 100 | 1 |
_aJardiel, Florencio, _d1844-1931 _966111 |
|
| 245 | 1 | 0 |
_aOración fúnebre de S.M. el Rey D. Alfonso XII _b: predicada á la Real Maestranza de Caballería de Zaragoza / _cpor Florencio Jardiel. |
| 260 |
_aZaragoza : _b[s.n.], _c1886 ( _fEstablecimiento tipográfico de Comas) |
||
| 300 |
_a30 p. ; _c28 cm. |
||
| 600 | 0 | 4 |
_aAlfonso _bXII, _cRey de España _919874 |
| 710 | 2 |
_aReal Maestranza de Caballería de Zaragoza. _9134791 |
|
| 852 |
_aES-MaACL _jT-504-F-1 _z-- Enc. hol., conservando la enc. editorial _z-- Enc. en un vol. facticio _z.- Anotación manuscrita en port.: "A la biblioteca del Ateneo por encargo del autor, Sánchez Moguel" |
||
| 999 |
_c156267 _d156267 |
||